| 000 | 00644cam a2200253 4500 | ||
|---|---|---|---|
| 001 | 0000004838 | ||
| 005 | 20170406120136.0 | ||
| 008 | 700720s1970 enk b 000 0 eng | ||
| 010 | _a 77480311 | ||
| 015 | _aB70-05903 | ||
| 020 | _a0241018080 | ||
| 035 | _9(DLC) 77480311 | ||
| 040 |
_aDLC _cDLC _dDLC |
||
| 050 | 0 | 0 |
_aPR6007.A668 _bR6 |
| 082 | 0 | 0 | _a821/.9/14 |
| 100 | 1 | _aDavie, Ian. | |
| 245 | 1 | 0 | _aRoman Pentecost. |
| 260 |
_aLondon : _bHamilton, _c1970. |
||
| 300 |
_a48 p. ; _c23 cm. |
||
| 350 | _a21/- | ||
| 500 | _aA poem sequence. | ||
| 504 | _aIncludes bibliographical references. | ||
| 908 | _a141121 | ||
| 999 |
_c4648 _d4648 |
||